000 00256nam a2200109Ia 4500
005 20251222155143.0
008 251222s9999||||xx |||||||||||||| ||spa||
082 _aEBA. 27
245 0 _aModelos y teorías de enfermería
264 _bNo tiene
942 _cLIB
999 _c39283
_d39283